Možnosti rozvoja cestovného ruchu v meste Banská Bystrica bakalárska práca

Na minha lista:
Detalhes bibliográficos
Autor principal: Križová, Martina
Autor Corporativo: Obchodná fakulta EU. Katedra služieb a cestovného ruchu - zrušené
Outros Autores: Staňo, Roman
Formato: Livro
Idioma:eslovaco
Publicado em: Bratislava 2010
Tags: Adicionar Tag
Sem tags, seja o primeiro a adicionar uma tag!

MARC

LEADER 00000nam$a2200000$$$4500
001 0134379
005 20240320074304.1
041 0 |a slo 
044 |a SK 
245 1 0 |a Možnosti rozvoja cestovného ruchu v meste Banská Bystrica  |b bakalárska práca  |c Martina Križová ; školiteľ: Roman Staňo 
264 1 |a Bratislava  |c 2010 
300 |a 44 s. 
100 1 |a Križová, Martina 
700 1 |a Staňo, Roman 
710 2 |a Obchodná fakulta EU. Katedra služieb a cestovného ruchu - zrušené